Statistics for Juventus Squad 2018/19

Click here to take the quiz!

General Stats

  • This quiz has been taken 213 times
  • The average score is 17 of 24

Answer Stats

#PositionPlayerNationalityDate of Birth (Age)% Correct
7Left WingerCristiano RonaldoPortugueseFeb 5, 1985 (33)
91%
19Centre-BackLeonardo BonucciItalianMay 1, 1987 (31)
91%
3Centre-BackGiorgrio ChielliniItalianAug 14, 1984 (34)
90%
10Second StrikerPaulo DybalaArgentinean Nov 15, 1993 (25)
86%
1GoalkeeperWojciech SzczesnyPolishApr 18, 1990 (28)
85%
12Left-BackAlex SandroBrazilianJan 26, 1991 (27)
80%
23Defensive MidfieldEmre CanGermanJan 12, 1994 (24)
80%
16Right WingerJuan CuadradoColombian May 26, 1988 (30)
80%
17Centre-ForwardMario MandzukicCroatian May 21, 1986 (32)
78%
5Central MidfieldMiralem PjanicBosnian Apr 2, 1990 (28)
78%
6Central MidfieldSami KhediraGerman Apr 4, 1987 (31)
76%
4Centre-BackMedhi BenatiaMoroccan Apr 17, 1987 (31)
75%
11Right WingerDouglas CostaBrazilianSep 14, 1990 (28)
74%
20Right-BackJoão CanceloPortugueseMay 27, 1994 (24)
73%
14Central MidfieldBlaise MatuidiFrenchApr 9, 1987 (31)
71%
22GoalkeeperMattia PerinItalianNov 10, 1992 (26)
71%
15Centre-BackAndrea BarzagliItalian May 8, 1981 (37)
66%
24Centre-BackDaniele RuganiItalianJul 29, 1994 (24)
63%
30Central MidfieldRodrigo BentancurUruguayan Jun 25, 1997 (21)
62%
18Centre-ForwardMoise KeanItalianFeb 28, 2000 (18)
54%
2Right-BackMattia de SciglioItalian Oct 20, 1992 (26)
53%
33Right WingerFederico BernardeschiItalianFeb 16, 1994 (24)
49%
21GoalkeeperCarlo PinsoglioItalianMar 16, 1990 (28)
30%
37Left-BackLeonardo SpinazzolaItalianMar 25, 1993 (25)
27%

Score Distribution

Percentile by Number Answered

Percent of People with Each Score

Your Score History

You have not taken this quiz